Eutanasia: problema católico o problema de todos?

Saved in:
Bibliographic Details
Main Author: Ciccone, Lino (Author)
Format: Book
Language:Spanish
Published: Buenos Aires Ciudad Nueva 1994
Subjects:
Tags: Add Tag
No Tags, Be the first to tag this record!

MARC

LEADER 00000nam a2200000 a 4500
001 UCO8855
003 CL-VaPUC
008 010105e19940000AG |||||||||||||||||spa|d
082 0 4 |a 179.7  |b CIC  |2 21 
100 0 |a Ciccone, Lino  |e author  |9 453746 
245 1 0 |a Eutanasia: problema católico o problema de todos? 
300 |a 95 p 
942 |c BK 
945 |d 20010105 00:00:00  |a vberengu 
260 |a Buenos Aires  |b Ciudad Nueva  |c 1994 
650 0 |a Eutanasia  |9 255102 
650 0 |a Aspectos religiosos  |9 257320 
650 0 |a Muerte  |9 265114 
583 |a last modification  |c 20180312 12:02:48  |k Rodrigo Vera 
999 |c 293282  |d 293280 
952 |0 0  |1 0  |4 0  |6 179_700000000000000_CIC_1994  |7 0  |8 A  |9 344737  |a BIBTEO  |b BIBTEO  |d 2019-11-20  |i 3678520  |l 1  |o 179.7 CIC 1994  |p 3678520  |r 2025-01-17  |s 2024-11-12  |w 2019-11-20  |y BK  |k ICR